[Event "Schach Nienberge 1 - SV Letmathe 1"]
[Site "NRW-Klasse - Gruppe 1 2018/20"]
[Date "2018.12.09"]
[Round "4.8"]
[White "Keller, Dirk"]
[Black "Hunold, Rolf"]
[Result "1/2-1/2"]
[WhiteElo "1892"]
[BlackElo "1965"]
[Annotator "Daniel"]
[PlyCount "99"]
[EventDate "2018.??.??"]
[WhiteTeam "Schach Nienberge 1"]
[BlackTeam "SV Letmathe 1"]

1. c4 c5 2. Nc3 Nf6 3. g3 e6 4. Bg2 d5 5. cxd5 exd5 6. Qb3 c4 7. Qa4+ Bd7 8.
Qd1 Bc6 9. d4 b5 10. Bg5 Be7 11. e3 b4 12. Nce2 Nbd7 13. Nh3 O-O 14. O-O h6 15.
Bxf6 Nxf6 16. Qc2 Qd7 17. Rae1 Rab8 18. Qb1 Ne4 19. Qc1 c3 20. Bxe4 dxe4 21.
Nhf4 g5 22. Ng2 cxb2 23. Qxb2 Bd5 24. Rc1 Qe6 25. Rc2 Rb6 26. Nc1 Rc8 27. Nb3
Rxc2 28. Qxc2 Rc6 29. Qb2 Qc8 30. Rc1 Rc3 31. Rxc3 bxc3 32. Qc2 Qc4 33. Ne1 Bb4
34. f4 $11 exf3 35. e4 Be6 36. Nxf3 a5 37. Ne5 Qb5 38. Kf2 a4 39. Nc1 f6 40.
Ned3 Be7 41. Qxc3 f5 42. d5 fxe4 43. dxe6 exd3 44. Nxd3 Qf5+ 45. Ke1 Qxe6+ 46.
Qe5 Qd7 47. Nc5 Bxc5 48. Qxc5 Qe6+ 49. Kf1 Qxa2 50. Qc8+ 1/2-1/2

[Event "LSV Turm Lippstadt 1 - Oberhausener SV "]
[Site "NRW-Klasse - Gruppe 1 2018/20"]
[Date "2018.12.09"]
[Round "4.1"]
[White "Hort, Vlastimil"]
[Black "Wehmeier, Stefan"]
[Result "1-0"]
[WhiteElo "2375"]
[BlackElo "2301"]
[PlyCount "113"]
[EventDate "2018.??.??"]
[WhiteTeam "Oberhausener SV 1"]
[BlackTeam "LSV Turm Lippstadt 1"]

1. d4 d5 2. Nf3 Nf6 3. c4 dxc4 4. e3 e6 5. Bxc4 a6 6. O-O c5 7. b3 cxd4 8. Nxd4
Bd6 9. Bb2 Qe7 10. Nd2 e5 11. N4f3 Nbd7 12. Ng5 O-O 13. Nde4 Nxe4 14. Nxe4 Ba3
15. Bxa3 Qxa3 16. Rc1 Nb6 17. Bd3 Qe7 18. Qc2 Be6 19. Qc5 Qxc5 20. Nxc5 Rfd8
21. Be4 Bd5 22. Bxd5 Rxd5 23. Nxb7 g6 24. Rc6 Nd7 25. Rfc1 Ra7 26. Rd6 Nf6 27.
Rxd5 Nxd5 28. Nc5 a5 29. Kf1 f5 30. Ke2 Rc7 31. Kd2 Nf6 32. f3 e4 33. Rc4 exf3
34. gxf3 g5 35. Ne6 Rd7+ 36. Rd4 g4 37. Rxd7 Nxd7 38. Ke2 Ne5 39. Nd4 gxf3+ 40.
Nxf3 Nc6 41. a3 Kf7 42. Kd3 Ke7 43. Kc4 Kd6 44. h3 h5 45. b4 axb4 46. axb4 Ne7
47. Nd4 Ke5 48. b5 Ke4 49. Kc5 Nc8 50. h4 Ke5 51. Ne2 Nd6 52. b6 Nb7+ 53. Kc6
Na5+ 54. Kc5 Nb7+ 55. Kc6 Na5+ 56. Kc7 Kd5 57. Ng3 1-0

[Event "LSV Turm Lippstadt 1 - Oberhausener SV "]
[Site "NRW-Klasse - Gruppe 1 2018/20"]
[Date "2018.12.09"]
[Round "4.2"]
[White "Wagner, Alexej"]
[Black "Becker, Marcel"]
[Result "1/2-1/2"]
[WhiteElo "2280"]
[BlackElo "2272"]
[PlyCount "106"]
[EventDate "2018.??.??"]
[WhiteTeam "LSV Turm Lippstadt 1"]
[BlackTeam "Oberhausener SV 1"]

1. d4 d5 2. c4 c6 3. Nf3 Nf6 4. e3 g6 5. Nc3 Bg7 6. Qb3 O-O 7. Bd2 e6 8. Bd3
Nbd7 9. O-O Re8 10. Rad1 e5 11. dxe5 Nxe5 12. Nxe5 Rxe5 13. cxd5 cxd5 14. Ne2
Re7 15. Bc3 Be6 16. Nf4 Qc7 17. Rc1 Qb8 18. Bd4 Ng4 19. Bxg7 Kxg7 20. Qb4 Kf6
21. h3 Ne5 22. Qd4 Rc7 23. Be2 Rxc1 24. Rxc1 Ke7 25. Nxd5+ Bxd5 26. Qxd5 a6 27.
f4 Nc6 28. Rd1 Kf8 29. Qc5+ Kg8 30. Rd7 Qc8 31. Qd5 Qe8 32. e4 Rd8 33. Rxd8
Nxd8 34. Bc4 Qe7 35. Kh1 Qc7 36. Qd4 b5 37. Bb3 a5 38. Qf6 Nb7 39. Bd5 Nc5 40.
a3 Nd3 41. Bxf7+ Qxf7 42. Qd8+ Kg7 43. Qxd3 Qxf4 44. Qd4+ Kh6 45. Kg1 a4 46.
Qb4 Qc1+ 47. Kf2 Qc2+ 48. Kf3 Qd3+ 49. Kf2 Qc2+ 50. Kf1 Qd3+ 51. Ke1 Qg3+ 52.
Kf1 Qd3+ 53. Kf2 Qc2+ 1/2-1/2

[Event "LSV Turm Lippstadt 1 - Oberhausener SV "]
[Site "NRW-Klasse - Gruppe 1 2018/20"]
[Date "2018.12.09"]
[Round "4.3"]
[White "Kummerow, Heiko"]
[Black "Hecht, Carsten"]
[Result "0-1"]
[WhiteElo "2126"]
[BlackElo "2250"]
[PlyCount "58"]
[EventDate "2018.??.??"]
[WhiteTeam "Oberhausener SV 1"]
[BlackTeam "LSV Turm Lippstadt 1"]

1. e4 c5 2. Nf3 e6 3. d4 cxd4 4. Nxd4 Nc6 5. Nc3 Qc7 6. Be3 a6 7. a3 Nf6 8. f4
d6 9. Qf3 Be7 10. O-O-O Bd7 11. Be2 Rc8 12. Qg3 Nxe4 13. Qe1 d5 14. Kb1 Nxd4
15. Bxd4 Bf6 16. Bxf6 gxf6 17. Rd3 Qxf4 18. Rf1 Qe5 19. Nxe4 dxe4 20. Rh3 f5
21. Bh5 Rc7 22. Qh4 Bc6 23. Rd1 Bd5 24. Rg3 Kd7 25. Bxf7 Kc8 26. Rg8+ Rxg8 27.
Bxg8 e3 28. Qh5 Kb8 29. Re1 Qg7 0-1

[Event "LSV Turm Lippstadt 1 - Oberhausener SV "]
[Site "NRW-Klasse - Gruppe 1 2018/20"]
[Date "2018.12.09"]
[Round "4.4"]
[White "Kruse, Janik"]
[Black "Nissen, Claus"]
[Result "1-0"]
[WhiteElo "2133"]
[BlackElo "2138"]
[PlyCount "83"]
[EventDate "2018.??.??"]
[WhiteTeam "LSV Turm Lippstadt 1"]
[BlackTeam "Oberhausener SV 1"]

1. d4 f5 2. Nf3 Nf6 3. g3 g6 4. Bg2 Bg7 5. O-O O-O 6. Qd3 c6 7. Nbd2 d6 8. Re1
Re8 9. Qb3+ e6 10. e4 Qb6 11. exf5 gxf5 12. Qxb6 axb6 13. Nc4 Ne4 14. Nxb6 Ra6
15. Nxc8 Rxc8 16. c3 Nd7 17. Nh4 Kf7 18. Bxe4 fxe4 19. Rxe4 c5 20. Nf3 cxd4 21.
cxd4 Rc2 22. Ng5+ Kg8 23. Rxe6 Bf6 24. Nf3 Kf7 25. Re1 Nb6 26. Kf1 Nd5 27. Re2
Rac6 28. Rxc2 Rxc2 29. Ne1 Rc4 30. Be3 Bxd4 31. Bxd4 Rxd4 32. Nf3 Rb4 33. Rd1
Ne7 34. b3 d5 35. Rd4 Rb6 36. Ke2 h6 37. Kd3 Nc6 38. Rf4+ Ke7 39. Kc3 Nd8 40.
Nd4 Nf7 41. Rf5 Nd6 42. Re5+ 1-0

[Event "LSV Turm Lippstadt 1 - Oberhausener SV "]
[Site "NRW-Klasse - Gruppe 1 2018/20"]
[Date "2018.12.09"]
[Round "4.5"]
[White "Ciornei, Dragos"]
[Black "Tran, Duc Cuong"]
[Result "1-0"]
[WhiteElo "2075"]
[BlackElo "2109"]
[PlyCount "101"]
[EventDate "2018.??.??"]
[WhiteTeam "Oberhausener SV 1"]
[BlackTeam "LSV Turm Lippstadt 1"]

1. e4 c5 2. Nf3 e6 3. d4 cxd4 4. Nxd4 a6 5. Nc3 Qc7 6. g3 Nf6 7. Bg2 Nc6 8. O-O
Be7 9. Re1 d6 10. Nxc6 bxc6 11. e5 dxe5 12. Rxe5 O-O 13. Bf4 Qb7 14. Qd3 Bd7
15. Rae1 Rfd8 16. b3 Be8 17. Qf3 Qb4 18. Bc1 Nd5 19. Na4 Bf6 20. R5e4 Qa5 21.
Rd1 c5 22. Bd2 Qc7 23. c4 Ne7 24. Ree1 Bc6 25. Qf4 Qxf4 26. Bxf4 Bxg2 27. Kxg2
Bd4 28. Be3 Nf5 29. Kf3 Rac8 30. g4 Nh4+ 31. Kg3 Ng6 32. f4 Bxe3 33. Rxd8+ Rxd8
34. Rxe3 Rd1 35. f5 Nf8 36. Nxc5 Rg1+ 37. Kf3 Rf1+ 38. Ke4 Rf2 39. a4 a5 40. h3
h5 41. Nb7 hxg4 42. hxg4 exf5+ 43. gxf5 Nh7 44. c5 Nf6+ 45. Kd3 Kf8 46. Nd6 Rb2
47. Kc4 Rc2+ 48. Kb5 g5 49. fxg6 fxg6 50. Nc4 Nd5 51. Re5 1-0

[Event "LSV Turm Lippstadt 1 - Oberhausener SV "]
[Site "NRW-Klasse - Gruppe 1 2018/20"]
[Date "2018.12.09"]
[Round "4.6"]
[White "Grobbel, Rainer"]
[Black "Matzat, Andre"]
[Result "1-0"]
[WhiteElo "2127"]
[BlackElo "2029"]
[PlyCount "73"]
[EventDate "2018.??.??"]
[WhiteTeam "LSV Turm Lippstadt 1"]
[BlackTeam "Oberhausener SV 1"]

1. d4 Nf6 2. c4 Nc6 3. Nf3 e6 4. Nc3 Bb4 5. Qc2 d6 6. e3 e5 7. d5 Bxc3+ 8. Qxc3
Ne7 9. Be2 O-O 10. O-O b5 11. cxb5 Nexd5 12. Qc2 Bb7 13. Rd1 Nd7 14. a3 N5f6
15. b4 Be4 16. Qb3 Qe7 17. Bb2 c6 18. bxc6 Bxc6 19. a4 Rab8 20. b5 Nc5 21. Qa3
Bd5 22. Nd2 a6 23. Bc3 axb5 24. axb5 Ra8 25. Qb4 Rxa1 26. Rxa1 Qb7 27. f3 Ra8
28. Rxa8+ Qxa8 29. Bxe5 dxe5 30. Qxc5 h6 31. Qc3 Nd7 32. Qc7 Qa2 33. Qxd7 Qxd2
34. Kf2 Qa2 35. Qe8+ Kh7 36. Qxe5 g6 37. Qd4 1-0

[Event "LSV Turm Lippstadt 1 - Oberhausener SV "]
[Site "NRW-Klasse - Gruppe 1 2018/20"]
[Date "2018.12.09"]
[Round "4.7"]
[White "Limberg, Matthias"]
[Black "Pollmueller, Michael"]
[Result "1/2-1/2"]
[WhiteElo "2050"]
[BlackElo "2093"]
[PlyCount "74"]
[EventDate "2018.??.??"]
[WhiteTeam "Oberhausener SV 1"]
[BlackTeam "LSV Turm Lippstadt 1"]

1. d4 d5 2. Bf4 c5 3. e3 Nc6 4. c3 Nf6 5. Nd2 Qb6 6. Qb3 c4 7. Qc2 g6 8. e4 e6
9. Be2 Qd8 10. h3 b5 11. a3 Bb7 12. Bf3 Bg7 13. Ne2 O-O 14. O-O a5 15. exd5
exd5 16. Rfe1 Qd7 17. Ng3 b4 18. Ngf1 b3 19. Qd1 Rfe8 20. Ne3 Nd8 21. Ng4 Nxg4
22. Rxe8+ Qxe8 23. hxg4 Qd7 24. Nf1 Ne6 25. Qd2 Nxf4 26. Qxf4 Re8 27. Ne3 h6
28. g5 h5 29. g4 h4 30. Qh2 Bf8 31. Qxh4 Qd6 32. Kg2 Qf4 33. Rh1 Bg7 34. Re1
Bf8 35. Rh1 Bg7 36. Re1 Bf8 37. Rh1 Bg7 1/2-1/2

[Event "LSV Turm Lippstadt 1 - Oberhausener SV "]
[Site "NRW-Klasse - Gruppe 1 2018/20"]
[Date "2018.12.09"]
[Round "4.8"]
[White "Fecke, Andreas"]
[Black "Gerst, Michael"]
[Result "1/2-1/2"]
[WhiteElo "2059"]
[BlackElo "1933"]
[PlyCount "76"]
[EventDate "2018.??.??"]
[WhiteTeam "LSV Turm Lippstadt 1"]
[BlackTeam "Oberhausener SV 1"]

1. e4 c5 2. Nf3 Nc6 3. b4 cxb4 4. d4 d5 5. exd5 Qxd5 6. c4 bxc3 7. Nxc3 Qa5 8.
Rb1 Qxc3+ 9. Bd2 Qa3 10. d5 Qd6 11. dxc6 bxc6 12. Qa4 Nf6 13. Bf4 Qd5 14. Ng5
e6 15. Be2 Bd7 16. O-O h6 17. Bf3 Qc5 18. Rfc1 Qa3 19. Qxc6 Rd8 20. Qc7 hxg5
21. Rb8 Be7 22. Bd6 Qxc1+ 23. Qxc1 Bxd6 24. Rxd8+ Kxd8 25. Qxg5 Ke7 26. g3 Rc8
27. Qxg7 Rc1+ 28. Kg2 Rc2 29. g4 Nd5 30. Bxd5 exd5 31. Qg5+ Ke8 32. h4 d4 33.
Kg1 Bc6 34. h5 d3 35. Qg8+ Ke7 36. Qg5+ Ke8 37. Qg8+ Ke7 38. Qg5+ Ke8 1/2-1/2

[Event "SF Lieme 1 - SG Niederkassel 1"]
[Site "NRW-Klasse - Gruppe 1 2018/20"]
[Date "2018.12.09"]
[Round "4.1"]
[White "Grimm, Sascha"]
[Black "Niermann, Tristan"]
[Result "0-1"]
[WhiteElo "2322"]
[BlackElo "2266"]
[PlyCount "42"]
[EventDate "2018.??.??"]
[WhiteTeam "SG Niederkassel 1"]
[BlackTeam "SF Lieme 1"]

1. c4 Nf6 2. g3 c6 3. Bg2 d5 4. Nf3 Bf5 5. cxd5 cxd5 6. Qb3 Nc6 7. Qxb7 Bd7 8.
Qb3 Rb8 9. Qd1 e5 10. O-O e4 11. Ne1 h5 12. d3 h4 13. Bf4 Rxb2 14. dxe4 dxe4
15. Nc3 hxg3 16. hxg3 Qa5 17. Nxe4 Nxe4 18. Bxe4 Qh5 19. g4 Qxg4+ 20. Ng2 g5
21. Qc1 Qh3 0-1

[Event "SF Lieme 1 - SG Niederkassel 1"]
[Site "NRW-Klasse - Gruppe 1 2018/20"]
[Date "2018.12.09"]
[Round "4.2"]
[White "Wittke, Rene"]
[Black "Rybarczyk, Klaus"]
[Result "1/2-1/2"]
[WhiteElo "2222"]
[BlackElo "2157"]
[PlyCount "24"]
[EventDate "2018.??.??"]
[WhiteTeam "SF Lieme 1"]
[BlackTeam "SG Niederkassel 1"]

1. d4 Nf6 2. Bf4 c5 3. e3 g6 4. c3 Bg7 5. Nd2 d6 6. h3 cxd4 7. exd4 O-O 8. Be2
Nc6 9. Ngf3 Re8 10. Bh2 a6 11. a4 Rb8 12. O-O b5 1/2-1/2

[Event "SF Lieme 1 - SG Niederkassel 1"]
[Site "NRW-Klasse - Gruppe 1 2018/20"]
[Date "2018.12.09"]
[Round "4.3"]
[White "Stanetzek, Carsten"]
[Black "Himpenmacher, Andy"]
[Result "1-0"]
[WhiteElo "2165"]
[BlackElo "2199"]
[PlyCount "99"]
[EventDate "2018.??.??"]
[WhiteTeam "SG Niederkassel 1"]
[BlackTeam "SF Lieme 1"]

1. e4 c5 2. Nf3 e6 3. Nc3 a6 4. d4 cxd4 5. Nxd4 Qc7 6. Bd3 Nc6 7. Nxc6 Qxc6 8.
O-O b5 9. e5 f5 10. Be2 Qc7 11. Bf3 Rb8 12. Be3 Ne7 13. Qd6 Qxd6 14. exd6 Ng6
15. Ba7 Bxd6 16. Rad1 Bc7 17. Bxb8 Bxb8 18. a4 b4 19. Na2 a5 20. Rfe1 Ne5 21.
Be2 Bb7 22. Bb5 Nc6 23. Nc1 Ke7 24. Nb3 Ba7 25. Rd5 Bb6 26. Rxf5 Nd4 27. Nxd4
Bxd4 28. b3 g6 29. Rf4 Bb6 30. Bd3 Rg8 31. h4 h6 32. Rg4 Kf6 33. Rf4+ Ke7 34.
Rg4 Kf6 35. Be4 d5 36. Rxg6+ Rxg6 37. Bxg6 e5 38. Bd3 e4 39. Bb5 Ke5 40. Kf1
Kd4 41. Re3 Bc7 42. Bd7 Bf4 43. Rh3 Ba6+ 44. Ke1 Ke5 45. g3 Bc1 46. g4 d4 47.
g5 h5 48. Rg3 e3 49. fxe3 dxe3 50. g6 1-0

[Event "SF Lieme 1 - SG Niederkassel 1"]
[Site "NRW-Klasse - Gruppe 1 2018/20"]
[Date "2018.12.09"]
[Round "4.4"]
[White "Essing, Arnold"]
[Black "Dierkes, Tobias"]
[Result "1-0"]
[WhiteElo "2165"]
[BlackElo "2116"]
[PlyCount "79"]
[EventDate "2018.??.??"]
[WhiteTeam "SF Lieme 1"]
[BlackTeam "SG Niederkassel 1"]

1. d4 Nf6 2. Nf3 e6 3. c4 b6 4. a3 Bb7 5. Bg5 Be7 6. e3 O-O 7. Bd3 d5 8. cxd5
exd5 9. O-O Nbd7 10. b4 c5 11. bxc5 bxc5 12. dxc5 Nxc5 13. Bc2 Nfe4 14. Bxe7
Qxe7 15. Nd4 Ba6 16. Re1 Rfd8 17. f3 Nf6 18. Nc6 Qc7 19. Nxd8 Rxd8 20. Nd2 d4
21. exd4 Rxd4 22. Qc1 Rh4 23. g3 Rh5 24. Rb1 Ne6 25. Ne4 Nxe4 26. Bxe4 Rc5 27.
Qd2 Ng5 28. Red1 g6 29. Qd8+ Qxd8 30. Rxd8+ Kg7 31. Rd7 Be2 32. Kf2 Nxe4+ 33.
fxe4 Rc2 34. Ke3 Bg4 35. Rxa7 Rxh2 36. Ra1 Rg2 37. a4 Rxg3+ 38. Kf4 Rg2 39. a5
h5 40. a6 1-0

[Event "SF Lieme 1 - SG Niederkassel 1"]
[Site "NRW-Klasse - Gruppe 1 2018/20"]
[Date "2018.12.09"]
[Round "4.5"]
[White "Bröhl, Stephan"]
[Black "Wolf, Andre"]
[Result "1/2-1/2"]
[WhiteElo "2087"]
[BlackElo "2138"]
[PlyCount "26"]
[EventDate "2018.??.??"]
[WhiteTeam "SG Niederkassel 1"]
[BlackTeam "SF Lieme 1"]

1. e4 e5 2. Bc4 Nf6 3. d3 c6 4. Nf3 d5 5. Bb3 a5 6. a4 Bd6 7. Nbd2 O-O 8. O-O
Nbd7 9. c3 Bc7 10. Re1 Nc5 11. Bc2 dxe4 12. Nxe4 Nfxe4 13. dxe4 Qxd1 1/2-1/2

[Event "SF Lieme 1 - SG Niederkassel 1"]
[Site "NRW-Klasse - Gruppe 1 2018/20"]
[Date "2018.12.09"]
[Round "4.6"]
[White "Schaffarczyk, Andre"]
[Black "Freundlieb, Thomas"]
[Result "1/2-1/2"]
[WhiteElo "2081"]
[BlackElo "2043"]
[PlyCount "114"]
[EventDate "2018.??.??"]
[WhiteTeam "SF Lieme 1"]
[BlackTeam "SG Niederkassel 1"]

1. e4 d6 2. d4 Nf6 3. Nc3 e5 4. Nf3 Nbd7 5. Bc4 Be7 6. O-O c6 7. a4 a5 8. Re1
h6 9. Ba2 O-O 10. Nh4 exd4 11. Qxd4 Ne5 12. Nf5 Bxf5 13. exf5 Ned7 14. Qe3 Re8
15. Qg3 d5 16. Bxh6 Bf8 17. Bg5 Qb6 18. Bb3 Qb4 19. Qf4 Bd6 20. Qxb4 Bxb4 21.
Rxe8+ Rxe8 22. Na2 Bc5 23. Bd2 Re2 24. Bxa5 Rxf2 25. Kh1 Rxf5 26. Bb4 Ba7 27.
Nc3 Nc5 28. Bxc5 Bxc5 29. a5 Bb4 30. h3 Bxc3 31. bxc3 Ne4 32. c4 d4 33. Re1 Nc5
34. Re8+ Kh7 35. g4 Rf3 36. Kg2 Rc3 37. Re5 Nxb3 38. cxb3 Rxb3 39. Re7 Kg6 40.
Rd7 d3 41. Kf2 d2 42. h4 Rc3 43. Rxd2 Rxc4 44. Rd6+ f6 45. Kf3 Rc5 46. Rd7 Rxa5
47. Rxb7 Rc5 48. Rc7 Rc4 49. Kg3 Kh6 50. Kf3 Kh7 51. Kg3 Kg6 52. Kf3 f5 53. h5+
Kf6 54. gxf5 Rc5 55. Kg4 Rc4+ 56. Kf3 Rc5 57. Kg4 Rc4+ 1/2-1/2

[Event "SF Lieme 1 - SG Niederkassel 1"]
[Site "NRW-Klasse - Gruppe 1 2018/20"]
[Date "2018.12.09"]
[Round "4.7"]
[White "Kuhn, Andreas"]
[Black "Stork, Holger"]
[Result "1/2-1/2"]
[WhiteElo "1956"]
[BlackElo "2064"]
[PlyCount "37"]
[EventDate "2018.??.??"]
[WhiteTeam "SG Niederkassel 1"]
[BlackTeam "SF Lieme 1"]

1. d4 Nf6 2. c4 e6 3. g3 d5 4. Nf3 Bb4+ 5. Bd2 Bd6 6. Bg2 O-O 7. O-O Ne4 8. Bf4
c6 9. Qc2 Bxf4 10. gxf4 b6 11. Nc3 Nxc3 12. Qxc3 Ba6 13. b3 Nd7 14. Rfc1 Rc8
15. e3 dxc4 16. bxc4 Qc7 17. Qa3 Bb7 18. c5 b5 19. Nd2 1/2-1/2

[Event "SF Lieme 1 - SG Niederkassel 1"]
[Site "NRW-Klasse - Gruppe 1 2018/20"]
[Date "2018.12.09"]
[Round "4.8"]
[White "Schulte, Oliver"]
[Black "Konzen, Horst"]
[Result "1/2-1/2"]
[WhiteElo "2059"]
[BlackElo "1911"]
[PlyCount "25"]
[EventDate "2018.??.??"]
[WhiteTeam "SF Lieme 1"]
[BlackTeam "SG Niederkassel 1"]

1. d4 Nf6 2. Bf4 c5 3. e3 Qb6 4. Nc3 cxd4 5. exd4 a6 6. Rb1 d5 7. h3 Nc6 8. Nf3
Bf5 9. Bd3 Be4 10. Be3 Bxd3 11. Qxd3 e6 12. O-O Bd6 13. Bg5 1/2-1/2

[Event "Krefelder SK Turm 1 - SV Weidenau/Geisw"]
[Site "NRW-Klasse - Gruppe 1 2018/20"]
[Date "2018.12.09"]
[Round "4"]
[White "Karthäuser, Johannes"]
[Black "Stomberg, Thomas"]
[Result "1/2-1/2"]
[WhiteElo "1974"]
[BlackElo "2352"]
[PlyCount "59"]
[EventDate "2018.??.??"]
[WhiteTeam "SV Weidenau/Geisweid 1"]
[BlackTeam "Krefelder SK Turm 1"]

1. e4 e6 2. d4 d5 3. Nc3 Nf6 4. e5 Nfd7 5. f4 c5 6. Nf3 Qb6 7. Ne2 Nc6 8. c3
Be7 9. dxc5 Nxc5 10. Ned4 a5 11. a4 O-O 12. Qc2 f6 13. Be3 fxe5 14. fxe5 Qc7
15. Nb5 Qb8 16. Bd4 Bd7 17. Bd3 Nxd3+ 18. Qxd3 Be8 19. Qe3 Nxd4 20. Nbxd4 Ra6
21. O-O Bg6 22. Nb3 Qc8 23. Qe2 h6 24. Nfd4 Qd7 25. Nb5 Raa8 26. Qe3 Rxf1+ 27.
Kxf1 Qc6 28. N3d4 Qd7 29. Nb3 Qc6 30. N3d4 1/2-1/2

[Event "Krefelder SK Turm 1 - SV Weidenau/Geisw"]
[Site "NRW-Klasse - Gruppe 1 2018/20"]
[Date "2018.12.09"]
[Round "4"]
[White "Van Gool, Rudi"]
[Black "Send, Sebastian"]
[Result "1-0"]
[WhiteElo "2225"]
[BlackElo "2158"]
[PlyCount "107"]
[EventDate "2018.??.??"]
[WhiteTeam "Krefelder SK Turm 1"]
[BlackTeam "SV Weidenau/Geisweid 1"]

1. d4 Nf6 2. Nf3 c5 3. d5 e6 4. c4 exd5 5. cxd5 d6 6. Nc3 g6 7. Nd2 Nbd7 8. e4
Bg7 9. Be2 O-O 10. O-O Ne8 11. Nc4 Nb6 12. Ne3 a6 13. a4 Rb8 14. a5 Na8 15. Nc4
f5 16. exf5 Bxf5 17. Be3 Nac7 18. Qd2 Nb5 19. Nxb5 axb5 20. Na3 b4 21. Nc4 Nc7
22. Rfe1 Be4 23. Bg5 Qd7 24. Nb6 Qf7 25. f3 Bxd5 26. Bd3 Bd4+ 27. Kf1 Qxf3+ 28.
gxf3 Rxf3+ 29. Ke2 Rf2+ 30. Kd1 Bb3+ 31. Bc2 Rxd2+ 32. Kxd2 Be6 33. Rab1 Be5
34. Bd3 Kg7 35. Rf1 Re8 36. Bf4 Bxf4+ 37. Rxf4 d5 38. b3 g5 39. Rf2 Rd8 40. Kc2
h6 41. Re1 Rd6 42. Bf5 Bxf5+ 43. Rxf5 Kg6 44. Rfe5 Kh5 45. Kb2 Kh4 46. Rd1 Rf6
47. Rd2 Rf3 48. Nxd5 Nb5 49. Re3 Rf1 50. Re4+ Kh3 51. Ne3 Rf3 52. Nc2 h5 53.
Re5 Kh4 54. Rxc5 1-0

[Event "Krefelder SK Turm 1 - SV Weidenau/Geisw"]
[Site "NRW-Klasse - Gruppe 1 2018/20"]
[Date "2018.12.09"]
[Round "4"]
[White "Jansen, Dirk Norbert"]
[Black "Kern, Guido"]
[Result "1/2-1/2"]
[WhiteElo "2219"]
[BlackElo "2341"]
[PlyCount "43"]
[EventDate "2018.??.??"]
[WhiteTeam "SV Weidenau/Geisweid 1"]
[BlackTeam "Krefelder SK Turm 1"]

1. e4 e6 2. d4 d5 3. e5 c5 4. c3 Nc6 5. Nf3 Bd7 6. a3 c4 7. Nbd2 Na5 8. g3 Bc6
9. Bg2 Qd7 10. O-O Ba4 11. Qe2 O-O-O 12. Ne1 h5 13. Ndf3 Nb3 14. Rb1 Nxc1 15.
Rxc1 Nh6 16. h4 Be7 17. Bh3 Kb8 18. Ng2 Rc8 19. Ne3 Rc6 20. Ng5 g6 21. f4 a5
22. Bg2 1/2-1/2

[Event "Krefelder SK Turm 1 - SV Weidenau/Geisw"]
[Site "NRW-Klasse - Gruppe 1 2018/20"]
[Date "2018.12.09"]
[Round "4"]
[White "Terhuven, Patrick"]
[Black "Scholl, Patrick"]
[Result "1-0"]
[WhiteElo "2175"]
[BlackElo "1954"]
[PlyCount "77"]
[EventDate "2018.??.??"]
[WhiteTeam "Krefelder SK Turm 1"]
[BlackTeam "SV Weidenau/Geisweid 1"]

1. d4 d5 2. Nf3 Nf6 3. c4 c6 4. cxd5 cxd5 5. Nc3 Nc6 6. Bf4 a6 7. Rc1 Bf5 8. e3
e6 9. Qb3 Bb4 10. Be2 O-O 11. O-O Qe7 12. a3 Bxc3 13. bxc3 Ne4 14. Qa2 g5 15.
Bg3 h5 16. h4 Nxg3 17. fxg3 g4 18. Ne1 Na5 19. Bd3 Bxd3 20. Nxd3 Nc4 21. e4 Ne3
22. Rfe1 dxe4 23. Nf4 Nf5 24. Nxh5 e3 25. Qe2 Kh7 26. Qxg4 Rg8 27. Qe4 Kh6 28.
Rf1 Rae8 29. g4 Qxh4 30. Rf4 Qg5 31. Rcf1 Rg6 32. R1f3 Kh7 33. Rh3 Nh6 34. Nf6+
Kh8 35. Nxe8 f5 36. Qxe3 Kg8 37. Rf2 Qxe3 38. Rxe3 Nxg4 39. Rg3 1-0

[Event "Krefelder SK Turm 1 - SV Weidenau/Geisw"]
[Site "NRW-Klasse - Gruppe 1 2018/20"]
[Date "2018.12.09"]
[Round "4"]
[White "Meinhardt, Michael"]
[Black "Winkel, Peter"]
[Result "0-1"]
[WhiteElo "2087"]
[BlackElo "2132"]
[PlyCount "88"]
[EventDate "2018.??.??"]
[WhiteTeam "SV Weidenau/Geisweid 1"]
[BlackTeam "Krefelder SK Turm 1"]

1. d4 Nf6 2. Bf4 d5 3. e3 c5 4. c3 Nc6 5. Nd2 Bf5 6. Ngf3 Qb6 7. Nh4 Bg4 8. Qb3
e6 9. h3 Bh5 10. g4 Bg6 11. Nxg6 hxg6 12. Bg2 Be7 13. O-O-O Qa6 14. dxc5 Bxc5
15. e4 d4 16. Nc4 O-O 17. Ne5 dxc3 18. bxc3 Rac8 19. Nd7 Nxd7 20. Rxd7 Nd4 21.
cxd4 Bd6+ 22. Kb1 Bxf4 23. e5 Rc3 24. Qxc3 Qb5+ 25. Ka1 Qxd7 26. Rb1 Rc8 27.
Qd3 Bxe5 28. Rxb7 Qxd4+ 29. Qxd4 Bxd4+ 30. Kb1 Bxf2 31. Kb2 g5 32. Rd7 g6 33.
Rd6 Kg7 34. Rc6 Rxc6 35. Bxc6 f5 36. Kc3 Kf6 37. Kd3 e5 38. Ke2 Bb6 39. Kf3 e4+
40. Ke2 Ke5 41. Be8 f4 42. Bxg6 f3+ 43. Kf1 e3 44. Bd3 Kf4 0-1

[Event "Krefelder SK Turm 1 - SV Weidenau/Geisw"]
[Site "NRW-Klasse - Gruppe 1 2018/20"]
[Date "2018.12.09"]
[Round "4"]
[White "Dorner, Matthias"]
[Black "Donner, Bernd"]
[Result "1/2-1/2"]
[WhiteElo "2195"]
[BlackElo "2255"]
[PlyCount "55"]
[EventDate "2018.??.??"]
[WhiteTeam "Krefelder SK Turm 1"]
[BlackTeam "SV Weidenau/Geisweid 1"]

1. d4 d6 2. Nf3 Nd7 3. Bf4 g6 4. c3 Bg7 5. e3 e5 6. Bg3 Qe7 7. Qb3 Ngf6 8. dxe5
dxe5 9. Qa3 Ne4 10. Qxe7+ Kxe7 11. Nbd2 Nxg3 12. hxg3 h6 13. Nc4 Re8 14. O-O-O
Kf8 15. Be2 Nc5 16. Nfd2 Bf5 17. Nb3 Nxb3+ 18. axb3 Rad8 19. Na5 Bc8 20. Bf3
Rxd1+ 21. Rxd1 e4 22. Be2 Ke7 23. b4 f5 24. Bb5 Rd8 25. Rxd8 Kxd8 26. Bc4 Ke7
27. Bd5 c6 28. Bb3 1/2-1/2

[Event "Krefelder SK Turm 1 - SV Weidenau/Geisw"]
[Site "NRW-Klasse - Gruppe 1 2018/20"]
[Date "2018.12.09"]
[Round "4"]
[White "Wächtler, Frank"]
[Black "Fehmer, Carsten"]
[Result "1/2-1/2"]
[WhiteElo "2200"]
[BlackElo "2062"]
[PlyCount "31"]
[EventDate "2018.??.??"]
[WhiteTeam "SV Weidenau/Geisweid 1"]
[BlackTeam "Krefelder SK Turm 1"]

1. e4 e6 2. d4 d5 3. Nd2 Nc6 4. Ngf3 Nf6 5. e5 Nd7 6. c4 dxc4 7. Nxc4 Nb6 8.
Nxb6 axb6 9. Bc4 Nb4 10. Bg5 Be7 11. Bxe7 Qxe7 12. a3 Nd5 13. Qb3 Nf4 14. O-O
O-O 15. g3 Ng6 16. Rfe1 1/2-1/2

[Event "Oberhausener SV 1 - Krefelder SK Turm 1"]
[Site "NRW-Klasse - Gruppe 1 2018/20"]
[Date "2019.01.13"]
[Round "5.1"]
[White "Stomberg, Thomas"]
[Black "Hort, Vlastimil"]
[Result "1-0"]
[WhiteElo "2306"]
[BlackElo "2366"]
[Annotator "Daniel"]
[PlyCount "123"]
[EventDate "2019.??.??"]
[WhiteTeam "Krefelder SK Turm 1"]
[BlackTeam "Oberhausener SV 1"]

1. Nf3 c5 2. c4 Nf6 3. g3 b6 4. Bg2 Bb7 5. O-O e6 6. b3 Be7 7. Bb2 O-O 8. Nc3
a6 9. d4 cxd4 10. Qxd4 d6 11. Rfd1 Nbd7 12. e4 Qc7 13. h3 Rfe8 14. Rd2 Bf8 15.
Rad1 Rad8 16. Qe3 h6 17. Ba3 Nc5 18. e5 $11 dxe5 19. Rxd8 Rxd8 20. Rxd8 Qxd8
21. Nxe5 Qa8 22. Bxb7 Qxb7 23. Bb2 Nfd7 24. Nf3 a5 25. Kf1 g6 26. Nb5 Qe4 27.
Ke2 Qb1 28. Qc3 e5 29. Nd2 Qxa2 30. Nc7 a4 31. b4 Nb3 32. Nxb3 axb3 33. Nd5 h5
34. Kf3 Qb1 35. Qxb3 Qh1+ 36. Ke2 Qxh3 37. Qf3 Qe6 38. Qd3 Bg7 39. Ne3 f5 40.
Kf1 Kf7 41. Bc3 Qc6 42. Kg1 Ke6 43. Qc2 Bh6 44. Bd2 Bxe3 45. Bxe3 b5 46. c5 Nb6
47. Qa2+ Nd5 48. Bg5 Kd7 49. Qa7+ Kc8 50. Qa5 Nc7 51. Qa3 Qe6 52. Kh2 Kb7 53.
Bd8 Nd5 54. Ba5 Kc6 55. Bb6 Qc8 56. Qa1 Qe8 57. Qa5 Qc8 58. Qa1 Qe8 59. Qa5 Qb8
60. Ba7 Qc8 61. Qa1 e4 62. Bb6 1-0